<?xml version="1.0" encoding="UTF-8"?>
<collection xmlns="http://www.loc.gov/MARC21/slim">
<record>
  <controlfield tag="001">120431</controlfield>
  <controlfield tag="005">20221220103614.0</controlfield>
  <datafield tag="037" ind1=" " ind2=" ">
    <subfield code="a">TAZ-TFG-2022-3988</subfield>
  </datafield>
  <datafield tag="041" ind1=" " ind2=" ">
    <subfield code="a">spa</subfield>
  </datafield>
  <datafield tag="100" ind1="1" ind2=" ">
    <subfield code="a">María Pilar Palomar Jiménez</subfield>
  </datafield>
  <datafield tag="242" ind1="0" ind2="0">
    <subfield code="a">Analysis of the economic-financial viability of a real business idea</subfield>
  </datafield>
  <datafield tag="245" ind1="0" ind2="0">
    <subfield code="a">Análisis de la viabilidad económico-financiera de una idea de negocio real</subfield>
  </datafield>
  <datafield tag="260" ind1=" " ind2=" ">
    <subfield code="a">Zaragoza</subfield>
    <subfield code="b">Universidad de Zaragoza</subfield>
    <subfield code="c">2022</subfield>
  </datafield>
  <datafield tag="506" ind1=" " ind2=" ">
    <subfield code="a">by-nc-sa</subfield>
    <subfield code="b">Creative Commons</subfield>
    <subfield code="c">3.0</subfield>
    <subfield code="u">http://creativecommons.org/licenses/by-nc-sa/3.0/</subfield>
  </datafield>
  <datafield tag="520" ind1=" " ind2=" ">
    <subfield code="a">En este trabajo se ha estudiado la viabilidad económico-financiera de un negocio real correspondiente a una Frutería/Verdulería. En esta, se encontrarían alimentos procedentes de excedentes de cosechas y productos que mayoristas de frutas y verduras desecharían por distintos motivos, con el objetivo de luchar contra el desperdicio alimentario y sensibilizar a la población sobre la importancia que tiene aprovechar al máximo los productos producidos.&lt;br />Se ha comenzado con un análisis PEST (factores políticos, económicos, socio-culturales y tecnológicos) para definir el entorno en el que se pretende abrir este negocio. Seguidamente se ha hecho un análisis más específico, estudiando el mercado y los competidores y se ha elaborado un plan de marketing en el que se detalla el precio de los productos, como se van a distribuir los mismos y como se promocionará dicho negocio para que resulte atractivo tanto para los consumidores como para los proveedores. Posteriormente, se ha procedido a hacer un análisis económico y financiero en el que se han utilizado distintas ratios para valorar el proyecto y finalmente se ha hecho una valoración del proyecto mediante distintos criterios como son el Valor Actual Neto (VAN) y la Tasa interna de rentabilidad (TIR) entre otros.&lt;br />&lt;br /></subfield>
  </datafield>
  <datafield tag="521" ind1=" " ind2=" ">
    <subfield code="a">Graduado en Administración y Dirección de Empresas</subfield>
  </datafield>
  <datafield tag="540" ind1=" " ind2=" ">
    <subfield code="a">Derechos regulados por licencia Creative Commons</subfield>
  </datafield>
  <datafield tag="700" ind1=" " ind2=" ">
    <subfield code="a">Jorge Torres Quilez</subfield>
    <subfield code="e">dir.</subfield>
  </datafield>
  <datafield tag="710" ind1="2" ind2=" ">
    <subfield code="a">Universidad de Zaragoza</subfield>
    <subfield code="b"> </subfield>
    <subfield code="c"></subfield>
  </datafield>
  <datafield tag="856" ind1="0" ind2=" ">
    <subfield code="f">681573@unizar.es</subfield>
  </datafield>
  <datafield tag="856" ind1="4" ind2=" ">
    <subfield code="s">1671194</subfield>
    <subfield code="u">http://zaguan.unizar.es/record/120431/files/TAZ-TFG-2022-3988.pdf</subfield>
    <subfield code="y">Memoria (spa)</subfield>
  </datafield>
  <datafield tag="909" ind1="C" ind2="O">
    <subfield code="o">oai:zaguan.unizar.es:120431</subfield>
    <subfield code="p">driver</subfield>
    <subfield code="p">trabajos-fin-grado</subfield>
  </datafield>
  <datafield tag="950" ind1=" " ind2=" ">
    <subfield code="a"></subfield>
  </datafield>
  <datafield tag="980" ind1=" " ind2=" ">
    <subfield code="a">TAZ</subfield>
    <subfield code="b">TFG</subfield>
    <subfield code="c">ECON</subfield>
  </datafield>
  <datafield tag="999" ind1=" " ind2=" ">
    <subfield code="a">20221004125842.CREATION_DATE</subfield>
  </datafield>
  <datafield tag="951" ind1=" " ind2=" ">
    <subfield code="a">deposita:2022-12-20</subfield>
  </datafield>
</record>
</collection>